000 00884cam a2200205 i 4500
005 20251228102504.0
008 250721s1992 jo gr 000 0 ara d
082 1 4 _a218,61
_bم ح م
100 1 _aالألباني، محمد ناصرالدين
_eمؤلف.
245 1 2 _aالبرهان في رد البهتان و العدوان /
_cبأقلام المحدث محمد ناصر الدين الالباني، القاضي طه الصابونجي، المفتي عبد الله القلقيلي.
250 _aالطبعه الاولى.
264 3 1 _aبيروت :
_bالمكتب الإسلامي،
_c1992.
300 _a200 صفحة.
650 1 7 _aالإسلام.
650 1 7 _aدفع المطاعن عن الإسلام.
700 1 _aالصابوني، طه
_eمؤلف.
700 1 _aالقلقيلي، عبد الله
_eمؤلف
942 _2ddc
_cBK
999 _c5059
_d5059